<?xml version="1.0" encoding="UTF-8"?>
<record
    xmlns:xsi="http://www.w3.org/2001/XMLSchema-instance"
    xsi:schemaLocation="http://www.loc.gov/MARC21/slim http://www.loc.gov/standards/marcxml/schema/MARC21slim.xsd"
    xmlns="http://www.loc.gov/MARC21/slim">

  <leader>03344nam a22002897a 4500</leader>
  <controlfield tag="005">20260327143541.0</controlfield>
  <controlfield tag="008">260327b        |||||||| |||| 00| 0 eng d</controlfield>
  <datafield tag="020" ind1=" " ind2=" ">
    <subfield code="a">9789354247866</subfield>
  </datafield>
  <datafield tag="040" ind1=" " ind2=" ">
    <subfield code="c">AL</subfield>
  </datafield>
  <datafield tag="041" ind1=" " ind2=" ">
    <subfield code="a">eng</subfield>
  </datafield>
  <datafield tag="082" ind1=" " ind2=" ">
    <subfield code="a">005.73</subfield>
    <subfield code="b">GOOD</subfield>
  </datafield>
  <datafield tag="100" ind1=" " ind2=" ">
    <subfield code="a">Michael T Goodrich and others ...[Et al.]</subfield>
    <subfield code="9">259626</subfield>
  </datafield>
  <datafield tag="245" ind1=" " ind2=" ">
    <subfield code="a">Data structures and algorithms in python</subfield>
  </datafield>
  <datafield tag="260" ind1=" " ind2=" ">
    <subfield code="a">New Delhi</subfield>
    <subfield code="b">Wiley</subfield>
    <subfield code="c">2025</subfield>
  </datafield>
  <datafield tag="300" ind1=" " ind2=" ">
    <subfield code="a">xxiii,782p</subfield>
    <subfield code="b">PB</subfield>
    <subfield code="c">24x18cm</subfield>
  </datafield>
  <datafield tag="365" ind1=" " ind2=" ">
    <subfield code="2">Information Science and Engineering</subfield>
    <subfield code="a">VBI-2645</subfield>
    <subfield code="b">&#x20B9;659.25</subfield>
    <subfield code="c">&#x20B9;</subfield>
    <subfield code="d">&#x20B9;879.00</subfield>
    <subfield code="e">25%</subfield>
    <subfield code="f">20-02-2026</subfield>
  </datafield>
  <datafield tag="520" ind1=" " ind2=" ">
    <subfield code="a">Product DescriptionData structures and algorithms in Python offers a comprehensive, definitive introduction to data structures and algorithms, including their design, analysis, and implementation in Python. Utilizing a consistent object-oriented viewpoint throughout the book, It provides detailed algorithmic strategies for producing efficient realizations of common data structures such as arrays, stacks, queues, linked lists, trees, maps, hash tables, search trees, and graphs. The book also provides an in-depth analysis of algorithmic performance that helps readers to recognize common trade-offs between competing strategies. The book incorporates a host of pedagogical features, including illustrations, code fragments, and end-of-chapter exercises.About the AuthorMichael T. Goodrich is a Chancellor?s Professor in the Department of Computer Science at University of California, Irvine. Previously, he was a professor at Johns Hopkins University. His research interests include analysis, design, and implementation of algorithms, data security, cloud computing, graph drawing, and computational geometry. He is a Fulbright scholar and a fellow of the American Association for the Advancement of Science (AAAS), Association for Computing Machinery (ACM), and Institute of Electrical and Electronics Engineers (IEEE). Roberto Tamassia is the Plastech Professor of Computer Science in the Department of Computer Science at Brown University. He is also the Director of Brown?s Center for Geometric Computing. His research interests include data security, applied cryptography, cloud computing, analysis, design, and implementation of algorithms, graph drawing, and computational geometry. He is a fellow of the American Association for the Advancement of Science (AAAS), Association for Computing Machinery (ACM), and Institute of Electrical and Electronics Engineers (IEEE). Michael Goldwasser is currently a Professor in the Department of Mathematics and Computer Science at Saint Louis University and the Director of their Computer Science program. Previously, he was a faculty member in the Department of Computer Science at Loyola University Chicago. His research interests focus on the design and implementation of algorithms, having published work involving approximation algorithms, online computation, computational biology, and computational geometry. He is also active in the computer science education community.
</subfield>
  </datafield>
  <datafield tag="650" ind1=" " ind2=" ">
    <subfield code="a">Recursion</subfield>
    <subfield code="9">259485</subfield>
  </datafield>
  <datafield tag="650" ind1=" " ind2=" ">
    <subfield code="a">Array Based Sequences</subfield>
    <subfield code="9">259486</subfield>
  </datafield>
  <datafield tag="650" ind1=" " ind2=" ">
    <subfield code="a">Sorting Algorithms</subfield>
    <subfield code="9">259487</subfield>
  </datafield>
  <datafield tag="650" ind1=" " ind2=" ">
    <subfield code="a">Stacks</subfield>
    <subfield code="9">259488</subfield>
  </datafield>
  <datafield tag="650" ind1=" " ind2=" ">
    <subfield code="a">Indian Adaptation</subfield>
    <subfield code="9">259493</subfield>
  </datafield>
  <datafield tag="700" ind1=" " ind2=" ">
    <subfield code="a">Tamassia, Roberto</subfield>
    <subfield code="9">259489</subfield>
  </datafield>
  <datafield tag="700" ind1=" " ind2=" ">
    <subfield code="a">Goldwasser, Michael H</subfield>
    <subfield code="9">259490</subfield>
  </datafield>
  <datafield tag="700" ind1=" " ind2=" ">
    <subfield code="a">Panda, Subhrakanta</subfield>
    <subfield code="9">259491</subfield>
  </datafield>
  <datafield tag="942" ind1=" " ind2=" ">
    <subfield code="2">ddc</subfield>
    <subfield code="c">BK</subfield>
  </datafield>
  <datafield tag="999" ind1=" " ind2=" ">
    <subfield code="c">241074</subfield>
    <subfield code="d">241074</subfield>
  </datafield>
  <datafield tag="952" ind1=" " ind2=" ">
    <subfield code="0">0</subfield>
    <subfield code="1">0</subfield>
    <subfield code="2">ddc</subfield>
    <subfield code="4">0</subfield>
    <subfield code="7">0</subfield>
    <subfield code="8">ISE</subfield>
    <subfield code="a">SE</subfield>
    <subfield code="b">SE</subfield>
    <subfield code="d">2026-03-21</subfield>
    <subfield code="e">Vidyathri Books, Bengaluru-560076</subfield>
    <subfield code="g">659.25</subfield>
    <subfield code="l">0</subfield>
    <subfield code="o">005.73 GOOD</subfield>
    <subfield code="p">SE000339</subfield>
    <subfield code="r">2026-03-27 09:57:21</subfield>
    <subfield code="v">879.00</subfield>
    <subfield code="w">2026-02-20</subfield>
    <subfield code="y">BK</subfield>
  </datafield>
</record>
